000 02121cam a2200385 a 4500
999 _c531667
_d531667
001 15513032
003 NUST
005 20191023112429.0
008 081106s2009 dcua b i001 0 eng
010 _a 2008044060
020 _a9780821375730
020 _a0821375733
020 _a9780821375747 (electronic)
020 _a0821375741 (electronic)
035 _a(OCoLC)ocn227015922
035 _a(OCoLC)227015922
038 _aMSOHAIL
040 _aDLC
_cDLC
_dBTCTA
_dBAKER
_dYDXCP
_dC#P
_dBWX
_dCDX
_dDLC
050 0 0 _aHT321
_b.U338 2009
082 0 0 _a330.91732
_222
245 0 0 _aUrbanization and growth /
_cedited by Michael Spence, Patricia Clarke Annez, and Robert M. Buckley ; contributions by Michael Spence ... [et al.].
260 _aWashington, DC :
_bCommission on Growth and Development :
_bWorld Bank,
_cc2009.
300 _axxx, 255 p. :
_bill. (some col.) ;
_c26 cm.
504 _aIncludes bibliographical references and index.
505 0 _aUrbanization and growth : setting the context / Patricia Clarke Annez and Robert M. Buckley -- Rethinking economic growth in a globalizing world : an economic geography lens / Anthony J. Venables -- Are cities engines of growth and prosperity for developing countries? / Gilles Duranton -- Urbanization, agglomeration, and economic development / John M. Quigley -- Spatial inequality and economic development : theories, facts, and policies / Sukkoo Kim -- Housing policy in developing countries : the importance of the informal economy / Richard Arnott -- The U.S. subprime mortgage crisis : issues raised and lessons learned / Dwight M. Jaffee.
650 0 _aUrban economics.
_924608
650 0 _aUrbanization
_xEconomic aspects.
_924559
650 0 _aCities and towns
_xGrowth.
_924240
700 1 _aSpence, Michael,
_d1943-
_924609
700 1 _aAnnez, Patricia Clarke.
_924610
700 1 _aBuckley, Robert M.
_924611
906 _a7
_bcbc
_corignew
_d1
_eecip
_f20
_gy-gencatlg
942 _2ddc
_cBK